000
00252nam a2200109Ia 4500
008
190216s9999||||xx |||||||||||||| ||und||
100
_a
Padmanabhan T
245
0
_a
Makhansinghinte Maranam
260
_b
Current Books
650
_a
Kathakal
942
_c
BK
999
_c
23553
_d
23553